| 000 | 00747ny a22002173n 4500 | ||
|---|---|---|---|
| 005 | 20240305165331.0 | ||
| 008 | 100412c19829999ck ur pss 0 a0spa d | ||
| 035 | _a2024 | ||
| 040 |
_aBUS _dvLex |
||
| 090 |
_c1515 _d1515 |
||
| 245 | 3 | 0 |
_aTribunal Administrativo de Cundinamarca _h[Recurso electrónico] |
| 256 | _aServicio en línea | ||
| 260 |
_a[Colombia : _bs.n.] |
||
| 650 | 0 | 4 |
_aSentencias _zColombia _xPublicaciones periódicas |
| 650 | 0 | 4 |
_aTribunales administrativos _zColombia _xPublicaciones periódicas |
| 740 | 0 | _avLex Revista (Servicios en línea) | |
| 843 | _aElectrónica. Abierta | ||
| 853 |
_81 _i(year) _j(month) _k(day) |
||
| 856 | 4 | 0 | _uhttps://app.vlex.com/#/sources/tribunal-administrativo-cundinamarca-2024 |
| 942 | _cRAA | ||
| 999 |
_c159981 _d159981 |
||